000 00555nam a2200205Ia 4500
005 20250508162947.0
008 008 250505s9999 xx 000 0 hin d
037 _aTextBook
040 _aFEDL
_beng
_cFEDL
041 _ahin
_2hin
084 _a371.2, SUK
_qFEDL
100 _aSukhiya S P
_9773042
245 0 _aVidhyalaya Prashashan evam sangatthan
260 _aAgra, India
_bVinod Pustak Mandir
300 _a392p
365 _aINR
_b60
650 _aSchool Administration
942 _cTB
_h371.2, SUK
999 _c1379639
_d1379639